Estudio de desempeño y de optimización de un sistema híbrido viento/diesel para generación de electricidad
Shranjeno v:
| Glavni avtor: | |
|---|---|
| Format: | Knjiga |
| Izdano: |
San José, C.R.
1996
|
| Teme: | |
| Oznake: |
Označite
Brez oznak, prvi označite!
|
MARC
| LEADER | 00000nam a2200000Ia 4500 | ||
|---|---|---|---|
| 003 | 008041 | ||
| 005 | 20221231144236.0 | ||
| 008 | 140114s1996 cr a m 000 ||s d | ||
| 040 | |c cru CEDI | ||
| 090 | |a TFG 3561 | ||
| 100 | |a Chacón Gólcher, Edwin |9 9745 | ||
| 245 | |a Estudio de desempeño y de optimización de un sistema híbrido viento/diesel para generación de electricidad | ||
| 260 | |c 1996 |a San José, C.R. | ||
| 300 | |a vi, [142] hojas : ilustraciones | ||
| 500 | |a Tesis (licenciatura en ingeniería mecánica)--Universidad de Costa Rica. Facultad de Ingeniería. Escuela de Ingeniería Mecánica | ||
| 650 | |x DINAMOS |x ENERGIA EOLICA |9 9746 | ||
| 942 | |c TFG | ||
| 999 | |c 18946 |d 18946 | ||
